MANAGEMENT CONTROL SYSTEM (Record no. 136879)

MARC details
000 -LEADER
fixed length control field 00332pam a2200133 a 4500
020 ## - INTERNATIONAL STANDARD BOOK NUMBER
International Standard Book Number 81-7660-138-1
Terms of availability
041 ## - LANGUAGE CODE
Language code of original
082 ## - DEWEY DECIMAL CLASSIFICATION NUMBER
Classification number 658.4032
Item number HAL/JOS
100 ## - MAIN ENTRY--PERSONAL NAME
Personal name HALALE, M / JOSHI S
245 ## - TITLE STATEMENT
Title MANAGEMENT CONTROL SYSTEM
Medium Textual Documents
260 ## - PUBLICATION, DISTRIBUTION, ETC.
Place of publication, distribution, etc. PUNE
Name of publisher, distributor, etc. EVEREST PHBLISHING HOUSE
Date of publication, distribution, etc. 2006
300 ## - PHYSICAL DESCRIPTION
Extent 436
930 ## - EQUIVALENCE OR CROSS-REFERENCE-UNIFORM TITLE HEADING [LOCAL, CANADA]
Uniform title 17707
Holdings
Withdrawn status Lost status Damaged status Not for loan Collection Home library Current library Date acquired Cost, normal purchase price Total Checkouts Full call number Barcode Date last seen Copy number Price effective from Koha item type
          Institute of Management & Entrepreneurship Development, Pune Institute of Management & Entrepreneurship Development, Pune 19/04/2011 300.00   658.4032 HAL/JOS IMP-IM-16323 01/03/2023 1 01/03/2023 Book